00337nam a2200133Ia 4500008004100000041000800041082001500049100001900064245004100083260004000124300001400164365001100178650001400189210719s1970 xx 000 0 und d aeng a923.5 KARR aKARANJIA (B K) aRustom masani portrait of a citizen. aBombay.bPopular Prakashana.,c1970 ax,224bHB b30cRs aBiography